Music Quiz

Random Music or Song Quiz

(Parenthetical) Song Titles II Quiz Stats

 Plays Quiz Updated Jul 29, 2013

Challenge
Share
Tweet
Embed
Score 0/40 Timer 10:00
0 Plays Today
% Correct
Forget About Me
83.3%
Pretty Young Thing
81.9%
Shake, Shake, Shake
81.4%
To the Other Side
79.5%
You Make Me Feel Like
78.9%
Ride a Cowboy
78.2%
But the Drugs Like Me
77.1%
Till It's Gone
74.8%
I Think It's Going to Be a Long, Long Time
73.4%
You Drive Me
70.5%
For My Love
64.1%
Sugar Pie Honey Bunch
63.7%
I'm Not Your
61.2%
Just Like
60.4%
Da Ba Dee
57.9%
My Baby Shot Me Down
57.3%
Called the Moon
56.4%
Can't Live Without Your
52.7%
Have Pity on the Working Man
49.5%
I Know
49.3%
% Correct
What's So Funny About
49.1%
From the Shell
48.3%
Pleasure
45.7%
Don't Go Back To
42.3%
Falettinme Be Mice Elf Agin
42%
Do it Right
39.7%
I Feel Like Being A
39.5%
I'm Special
37.9%
Six Times
37.7%
S.O.S.
36.8%
In My Hands
32.7%
Through Labor
30%
Wish Death
27.9%
Before the Night is Over
25.4%
We're All
25.4%
Flip Fantasia
24.6%
Tunnels
24.2%
How Could This Happen to Me?
18.6%
The Miracle and the Sleeper
16%
Nerve Endings
10.1%

You're not logged in!

Compare scores with friends on all Sporcle quizzes.
Join for Free
OR
Log In

You Might Also Like...

Show Comments

Extras

Top Quizzes Today


Score Distribution

Your Account Isn't Verified!

In order to create a playlist on Sporcle, you need to verify the email address you used during registration. Go to your Sporcle Settings to finish the process.

Report this User

Report this user for behavior that violates our Community Guidelines.

Details: